000
00290nam a2200121Ia 4500
008
191201s2013 xx 000 0 und d
100
_a
BALAGURUSAMY,E
245
0
_a
Programming in ANSI C
250
_a
Rep
260
_c
2012
_b
Tata Mc Graw Hill
_a
New Delhi
300
_a
558
942
_2
ddc
_c
BK
999
_c
7979
_d
7979